Guess the 1970s song lyrics #321 - Statistics

General Stats
  • This quiz has been taken 12 times
  • The average score is 249 of 300
Answer Stats
Answer % Correct
a
100%
and
100%
And
100%
from
100%
go
100%
I
100%
me
100%
my
100%
no
100%
on
100%
the
100%
to
100%
we
100%
We
100%
What
100%
what
100%
When
100%
when
100%
you
100%
You
100%
you're
100%
are
91%
at
91%
could
91%
day
91%
for
91%
get
91%
home
91%
I'm
91%
is
91%
just
91%
make
91%
take
91%
That
91%
work
91%
would
91%
yeah
91%
am
82%
But
82%
If
82%
like
82%
man
82%
out
82%
that's
82%
well
82%
Cause
73%
hold
73%
I'd
73%
lovin
73%
some
73%
wanna
73%
ain't
64%
around
64%
baby
64%
bed
64%
enough
64%
share
64%
tell
64%
tv
64%
workin
64%
babe
55%
heaven
55%
complete
45%
dreamin
45%
movie
45%
squeeze
45%
stars
45%
asleep
36%
myself
36%
popcorn
36%
reach
36%
Til
36%
touch
36%
wrap
36%
ceiling
27%
passion
27%
rise
27%
starin
27%
starts
27%
superstars
27%
Sometimes
18%
sweetheart
18%
No matching quizzes found
Score Distribution
Percent of People with Each Score
Percentile by Number Answered
Your Score History
You have not taken this quiz